Panamá: monumentos históricos y arqueología
Spremljeno u:
| Glavni autor: | |
|---|---|
| Format: | Knjiga |
| Jezik: | španjolski |
| Izdano: |
Ciudad de México
Instituto Panamericano de Geografía e Historia
1950
|
| Teme: | |
| Oznake: |
Dodaj oznaku
Bez oznaka, Budi prvi tko označuje ovaj zapis!
|
MARC
| LEADER | 00000nam a2200000 a 4500 | ||
|---|---|---|---|
| 001 | UCO1039 | ||
| 003 | CL-VaPUC | ||
| 008 | 000505e19500000MX |||||||||||||||||spa|d | ||
| 082 | 0 | 4 | |a 972.87 |b RUB |2 21 |
| 100 | 0 | |a Rubio, Angel |e author |9 442782 | |
| 245 | 1 | 0 | |a Panamá: monumentos históricos y arqueología |
| 300 | |a 121 p | ||
| 942 | |c BK | ||
| 945 | |d 20000505 00:00:00 |a crobeson | ||
| 260 | |a Ciudad de México |b Instituto Panamericano de Geografía e Historia |c 1950 | ||
| 650 | 0 | |a Historia |9 255047 | |
| 650 | 0 | |a Monumentos históricos |9 308710 | |
| 650 | 0 | |a Arqueología |9 265619 | |
| 650 | 0 | |a Museos |9 269209 | |
| 650 | 7 | |a EXPLORACIONES |2 CL-VaPUC |9 371735 | |
| 651 | 7 | |a PANAMA |2 CL-VaPUC |9 257728 | |
| 583 | |a last modification |c 20000505 00:00:00 |k Rodrigo Vera | ||
| 999 | |c 287672 |d 287670 | ||
| 952 | |0 0 |1 0 |4 0 |6 972_870000000000000_RUB_1950 |7 0 |8 A |9 334618 |a BIBHIS |b BIBHIS |d 2019-11-20 |i 1273000 |o 972.87 RUB 1950 |p 1273000 |r 2025-01-20 |w 2019-11-20 |y BK |k HIS | ||